[Event "18th Caspian Cup-A 2020"]
[Site "Rasht"]
[Date "2020.02.15"]
[Round "2.5"]
[White "Rasulov, Vugar"]
[Black "Ebrahimi Herab, Hamidreza"]
[Result "1-0"]
[WhiteElo "2476"]
[BlackElo "2001"]
[Annotator "TA"]
[PlyCount "55"]
[EventDate "2020.02.14"]
[EventType "swiss"]
[EventCountry "IRI"]
[SourceTitle "playchess.com"]
[Source "ChessBase"]
[SourceQuality "1"]

{[%evp 9,57,14,30,28,27,16,41,28,38,28,41,37,20,27,152,148,214,206,559,89,97,91,141,144,144,112,110,51,408,424,375,277,255,252,482,480,482,481,558,513,589,583,590,550,587,585,576,568,1081,1060]} 1. e4 c5 2. Nf3 d6 3. Bb5+ Nd7 4. O-O a6 5. Bd3 Ngf6 6. c3 {B51: Sicilian: Moscow Variation (3 Bb5+) without 3...Bd7.} b5 7. Bc2 c4 8. b3 {White is slightly better.} Bb7 9. bxc4 bxc4 10. Qe2 Rc8 11. Na3 {[%cal Bb1a3,Ba3c4,Bc4e5][%mdl 32]} Nc5 (11... Nb6 $11 {keeps the balance.}) 12. Nxc4 $16 Bxe4 {[#]} (12... e6 $16 {was worth a try.}) 13. d4 $146 ({Predecessor:} 13. d3 Bg6 14. Ba3 e6 15. Bxc5 Rxc5 16. Ba4+ Ke7 17. Nd4 Qc7 18. Rfe1 Be4 19. Nxd6 {1-0 (37) Wang,C (2476)-Adhiban,B (2665) Changsha 2019}) 13... Bxf3 $2 (13... Bxc2 {is a better chance.} 14. dxc5 (14. Qxc2 Nce4 $11) 14... Be4) 14. Qxf3 $2 (14. gxf3 $18 {is the precise move to win.} Ne6 15. Ba4+ Nd7 16. Rb1) 14... Ncd7 $16 15. Bb3 (15. Ne3 {keeps more tension.} g6 16. Qe2 Rxc3 17. Nc4 Qc7 18. Bb3) 15... d5 16. Ne5 {aiming for Ba4.} Nb6 17. g4 {Strongly threatening g5.} h6 18. h4 $40 {[%mdl 128] White has some attack.} (18. Qh3 $16) 18... g5 $2 {[%mdl 8192]} (18... e6 $14) 19. hxg5 $18 hxg5 20. Bxg5 Rg8 21. Bh4 Rh8 $2 {[#]} (21... Bh6 22. Bc2 Bg5) 22. Bg3 $1 {White is clearly winning.} Bh6 23. Kg2 Bd2 24. Qd3 Bxc3 25. Rac1 Bb2 26. Rb1 Ba3 27. Qxa6 Bd6 {[#]} 28. Rh1 {Played: Qa6xb6} 1-0

[Event "18th Caspian Cup-A 2020"]
[Site "Rasht"]
[Date "2020.02.15"]
[Round "2.6"]
[White "Doroodian, Mahyar"]
[Black "Quparadze, Giga"]
[Result "0-1"]
[WhiteElo "1979"]
[BlackElo "2462"]
[Annotator "TA"]
[PlyCount "64"]
[EventDate "2020.02.14"]
[EventType "swiss"]
[EventCountry "IRI"]
[SourceTitle "playchess.com"]
[Source "ChessBase"]
[SourceQuality "1"]

{[%evp 15,64,21,22,8,7,7,12,-1,0,0,-6,-5,-4,-24,-20,-29,0,0,0,0,0,-13,-4,0,-7,-21,-20,-46,-46,-50,-31,-74,-70,-81,-82,-92,-86,-149,-152,-138,-135,-212,-215,-684,-684,-672,-652,-677,-684,-679,-678]} 1. d4 Nf6 2. Bg5 e6 3. Nd2 c5 4. e3 b6 5. Ngf3 Bb7 6. Bd3 cxd4 7. exd4 Be7 8. O-O O-O 9. Qe2 {A47: 1 d4 Nf6 2 Nf3 b6: Torre, London and Colle Systems.} Nd5 10. Bxe7 Qxe7 {[#]} 11. Rfe1 $146 {The position is equal.} ({Predecessor:} 11. Bc4 f5 12. Bxd5 Bxd5 13. Rfe1 Bb7 14. Ne5 Nc6 15. c3 Nxe5 16. dxe5 g5 17. Rad1 {0-1 (56) Czernicki,B (2095)-Pioch,Z (2280) Nadole 1994}) 11... Nf4 12. Qe3 Nxd3 13. Qxd3 d6 14. Re3 Nd7 15. Ne4 Nf6 16. Nxf6+ Qxf6 17. Nd2 Rac8 18. Rae1 Qg6 (18... Rfd8 {seems wilder.} 19. Rg3 Qf4 20. Rge3 g6 21. c3 Qf5) 19. Qxg6 hxg6 20. c3 b5 21. Nb3 Bd5 22. Nc1 {[#]} b4 $1 {[%mdl 512]} 23. Ne2 (23. cxb4 Rc2) 23... Bxa2 24. Ra1 Bc4 25. cxb4 Rb8 26. Nc3 (26. b3 $142 Bxe2 27. Rxe2) 26... Rxb4 $17 27. Rxa7 Rxb2 28. Ra1 (28. h3 $17) 28... Rd2 $19 29. Rd1 $2 {[#]} (29. g3) 29... Rxd1+ $1 {Black is clearly winning.} 30. Nxd1 Ra8 31. f3 Ra1 32. Re1 Bb3 {Accuracy: White = 56%, Black = 94%.} 0-1

[Event "18th Caspian Cup-A 2020"]
[Site "Rasht"]
[Date "2020.02.15"]
[Round "2.7"]
[White "Tahbaz, Arash"]
[Black "Hamedi Nia, Vesal"]
[Result "1-0"]
[WhiteElo "2461"]
[BlackElo "1999"]
[Annotator "TA"]
[PlyCount "35"]
[EventDate "2020.02.14"]
[EventType "swiss"]
[EventCountry "IRI"]
[SourceTitle "playchess.com"]
[Source "ChessBase"]
[SourceQuality "1"]

{[%evp 15,35,-13,-1,-19,20,0,0,-16,-21,-18,-12,-29,-24,-35,-37,-35,-35,-70,-9,-22,-16,-52]} 1. Nf3 d5 2. g3 Nf6 3. Bg2 e6 4. O-O Be7 5. d3 O-O 6. Nbd2 {[%cal Bb1d2,Bd2f1,Bf1h2,Bh2f3][%mdl 32]} c5 7. e4 Nc6 8. Re1 Qc7 9. Nf1 {C00: French: Unusual White 2nd moves.} b5 10. Bf4 Qb6 11. e5 Nd7 12. h4 Bb7 13. N1h2 Rfc8 {[#]} 14. Ng5 $146 ({Predecessor:} 14. Bh3 Nd4 15. Ng5 Nf8 16. c3 Nf5 17. Qe2 h6 18. Ngf3 d4 19. cxd4 cxd4 20. h5 {Tahbaz,A (2482)-Pranav,A (2347) Abu Dhabi 2019 (121)}) 14... h6 15. Nh3 Nd4 16. h5 Nf5 ({Black should try} 16... Nc6 $15) 17. Nf3 $11 Qd8 18. Qd2 {[%mdl 32768] Accuracy: White = 75%, Black = 74%. . Loss on time!?} 1-0

[Event "18th Caspian Cup-A 2020"]
[Site "Rasht"]
[Date "2020.02.15"]
[Round "2.8"]
[White "Harutjunyan, Gevorg"]
[Black "Ghomi, Parnian"]
[Result "1-0"]
[WhiteElo "2444"]
[BlackElo "1992"]
[Annotator "TA"]
[PlyCount "33"]
[EventDate "2020.02.14"]
[EventType "swiss"]
[EventCountry "IRI"]
[SourceTitle "playchess.com"]
[Source "ChessBase"]
[SourceQuality "1"]

{[%evp 9,33,0,85,75,87,87,80,62,60,54,80,53,69,74,74,63,85,58,112,116,114,114,113,104,137,118]} 1. e4 e6 2. d4 d5 3. Nc3 Bb4 4. a3 Bxc3+ 5. bxc3 Nf6 {[#]} (5... dxe4 $11 {remains equal.} 6. Qg4 Nf6 7. Qxg7 Rg8) 6. e5 $1 $16 {[%cal Re5f6] C15: French: 3 Nc3 Bb4: Unusual White 4th moves.} Nfd7 7. Qg4 Kf8 8. Bg5 {[#] White is better.} Qe8 $146 ({Predecessor:} 8... f6 9. exf6 Nxf6 10. Qh4 c5 11. Nf3 cxd4 12. cxd4 Nbd7 13. Bd3 Qe8 14. Ne5 Ke7 {1-0 (26) Junglas,A-Goetz,H Hachenburg 1995}) 9. Nf3 b6 10. h4 c5 11. h5 h6 12. Bc1 $36 {[%mdl 2048] White is pushing.} Ba6 13. Rh3 Kg8 (13... Bxf1 $14 14. Kxf1 Rh7) 14. Rg3 {[%csl Gg3][%cal Rg4g7] [#]} Qf8 15. Nh4 Rh7 16. f4 cxd4 {White must now prevent ...Bxf1.} 17. cxd4 {Accuracy: White = 93%, Black = 68%.} 1-0

[Event "18th Caspian Cup-A 2020"]
[Site "Rasht"]
[Date "2020.02.15"]
[Round "3.1"]
[White "Iskandarov, Misratdin"]
[Black "Poormosavi, Seyed Kian"]
[Result "1-0"]
[WhiteElo "2520"]
[BlackElo "2251"]
[Annotator "TA"]
[PlyCount "103"]
[EventDate "2020.02.14"]
[EventType "swiss"]
[EventCountry "IRI"]
[SourceTitle "playchess.com"]
[Source "ChessBase"]
[SourceQuality "1"]

{[%evp 12,103,29,17,28,25,27,34,66,50,43,43,45,35,58,37,35,32,34,34,37,32,71,25,36,41,39,29,41,50,48,48,56,55,57,49,60,47,47,56,63,62,60,63,60,47,91,91,131,125,129,138,193,166,193,198,195,195,225,225,210,210,210,210,211,210,238,238,226,180,238,238,228,231,280,279,274,230,829,184,912,902,1199,1078,6070,5629,3781,5058,5189,4716,2450,2631,29965,29966]} 1. e4 c6 2. d4 d5 3. Nc3 dxe4 4. Nxe4 Nf6 5. Nxf6+ exf6 6. c3 Bf5 7. Ne2 Bd6 {B15: Caro-Kann: 3 Nc3: 3...g6 and 3...dxe4 4 Nxe4 Nf6 5 Nxf6+ exf6.} 8. Ng3 Bxg3 9. hxg3 Qe7+ {White is slightly better.} 10. Be3 Nd7 {[#]} 11. Bd3 $146 ({Predecessor:} 11. d5 c5 12. Bd3 Bxd3 13. Qxd3 g6 14. O-O-O O-O-O 15. Rh4 Ne5 16. Qb5 b6 17. Ra4 {1-0 (29) Rabiega,R (2501)-Apel,W (1826) Berlin 2005}) 11... Be4 12. O-O (12. f3 {seems wilder.} Bg6 13. Qe2 Nb6 14. Kf2 O-O 15. c4) 12... O-O 13. Re1 {Black must now prevent Bf4.} Bxd3 14. Qxd3 Rfe8 15. c4 Nf8 16. d5 Qd7 17. Rad1 b6 18. dxc6 Qxc6 19. b3 Ne6 20. Qd7 Qxd7 21. Rxd7 Red8 22. Red1 Kf8 23. a4 Ke8 24. R7d5 Rxd5 25. Rxd5 Rd8 26. Rxd8+ $1 Kxd8 $14 {[%mdl 4096] Endgame KB-KN} 27. b4 $1 {[%cal Bb3b4,Bb4b5,Bb5a6][%mdl 32]} Kc7 28. Kf1 Nd8 29. Ke2 Nc6 30. b5 $1 {[%cal Rb5c6]} Ne5 31. c5 Nc4 (31... bxc5 $16 32. Bxc5 Kb7) 32. Bd4 bxc5 33. Bxc5 Kb7 34. Bd4 $1 a6 35. bxa6+ $1 Kxa6 36. Kd3 Nd6 37. Bc5 Nb7 {[#]} 38. Bb4 $1 Na5 39. Bf8 g6 40. Bb4 Kb6 (40... Nc6 $142 41. Bc3 f5) 41. Bc3 $18 Nb7 {[#]} 42. Kc4 $1 ({Don't play} 42. Bxf6 $6 Ka5 $16) 42... Nd6+ 43. Kd5 Ne8 44. g4 Ng7 $2 (44... Kb7 45. g3 Kc7) 45. g3 $2 (45. Bxf6 Ne6 46. Kd6) 45... Ne6 $2 (45... Ne8 46. Bd4+ Kc7) 46. Bxf6 Ka5 47. Kd6 Kxa4 48. Ke7 Nc5 49. f3 Nb3 50. Kxf7 Nd2 51. f4 Ne4 52. Bh4 {Accuracy: White = 92%, Black = 49%.} 1-0

[Event "18th Caspian Cup-A 2020"]
[Site "Rasht"]
[Date "2020.02.15"]
[Round "3.2"]
[White "Ghukasyan, Siranush"]
[Black "Mosadeghpour, Masoud"]
[Result "1/2-1/2"]
[WhiteElo "2195"]
[BlackElo "2499"]
[Annotator "TA"]
[PlyCount "184"]
[EventDate "2020.02.14"]
[EventType "swiss"]
[EventCountry "IRI"]
[SourceTitle "playchess.com"]
[Source "ChessBase"]
[SourceQuality "1"]

{[%evp 18,184,49,29,32,36,41,0,18,18,0,-27,36,0,2,-31,-37,-22,-30,-40,-13,-10,-9,-8,-8,-37,-15,-46,-47,-110,-98,-101,-55,-52,-56,-105,-108,-118,-108,-461,-463,-455,-457,-455,-444,-435,-452,-441,-450,-417,582,205,205,204,164,52,56,33,67,0,77,65,193,145,141,90,135,128,136,0,12,16,8,0,8,0,0,0,0,0,7,0,0,0,4,0,0,0,0,0,0,0,42,0,413,0,0,0,67,0,0,0,0,0,0,0,296,275,289,277,275,290,291,272,267,225,240,229,264,267,302,312,363,356,397,403,374,356,501,314,447,412,412,412,551,443,435,412,412,412,412,412,495,492,508,410,590,583,553,0,0,0,0,0,0,0,0,0,0,0,0,0,0,0,0,0,0,0,0]} 1. e4 c5 2. Nf3 d6 3. d4 Nf6 4. Nc3 cxd4 5. Nxd4 Nc6 6. Bg5 e6 7. Qd2 a6 8. O-O-O Bd7 9. f3 Be7 10. h4 $1 {10.h4 scores better than 10.Be3.} h6 {B67: Sicilian: Richter-Rauzer: 7...a6 8 0-0-0 Bd7, lines without 9 f4 Be7.} 11. Be3 h5 12. Be2 b5 13. Nxc6 Bxc6 {[#]} 14. a3 $146 ({Predecessor:} 14. Bd3 Nd7 15. Kb1 Ne5 16. Qf2 Qc7 17. Ne2 d5 18. exd5 Nxd3 19. Rxd3 Bxd5 20. Bb6 {0-1 (41) Lazov,T (2317)-Smith,B (2427) Skopje 2018}) 14... Rc8 ({Better is} 14... O-O $11) 15. Bf4 {[%cal Rf4d6]} d5 {[%cal Rd5e4]} 16. exd5 Nxd5 17. Nxd5 Bxd5 18. Bg5 Rc7 19. Bxe7 Qxe7 20. Bd3 O-O 21. Qf4 Rfc8 22. Kb1 a5 23. g4 (23. Qg5 $15) 23... hxg4 $17 24. Qxg4 Qf6 25. Rh3 {[#]} b4 $1 {[%cal Bb5b4,Bb4b3][%mdl 544]} 26. a4 (26. axb4 axb4) 26... Bc4 $36 {[%mdl 2048] Black is in control.} 27. Be4 b3 {...Be2! is the strong threat.} 28. c3 $2 {[%mdl 8192]} (28. Qg5 $17) 28... Rd8 $19 {[%cal Rd8d1]} 29. Rhh1 Qe7 $1 30. Qg5 f6 31. Qe3 f5 32. Bd3 Rcd7 {[%cal Rd7d3]} 33. Be2 {Hoping for Rxd7.} Qxh4 $4 {[%mdl 8192]} (33... Rxd1+ $19 {avoids the disaster.} 34. Rxd1 Rxd1+ 35. Bxd1 Qd7 $1 {[%mdl 512]}) 34. Rdg1 $2 (34. Rxh4 $2 Rxd1+ 35. Qc1 Bxe2 $19) (34. Rc1 Qxh1 35. Rxh1) 34... Bxe2 $18 35. Qxe6+ (35. Rxh4 Rd1+ 36. Qc1 Bxf3 $11) (35. Qxe2 Qf6 $11) 35... Kf8 {( -> ...Bd3+)} 36. Qxd7 (36. Rxh4 $2 Rd1+ 37. Rxd1 Rxd1#) (36. Qxf5+ Qf6 $11) (36. Qxe2 $18 Qf6 37. Qc4) 36... Rxd7 $14 37. Rxh4 Bxf3 $18 {[%mdl 4096] Endgame KRR-KRB} 38. Rd4 ({White should play} 38. Rh8+ $14 Kf7 39. Kc1) 38... Re7 (38... Rxd4 $11 {remains equal.} 39. cxd4 Kf7) 39. Kc1 $1 $16 Bc6 (39... Kf7 $14) 40. Kd2 Kf7 41. Rc4 (41. c4 $142 $1) 41... Rd7+ 42. Ke3 $1 Be4 {[#]} 43. Rc5 (43. Rd4 $1 $16 {[%cal Rd4d7]} Rxd4 44. Kxd4 (44. cxd4 Kf6 $16)) 43... Rd3+ 44. Ke2 {And now Rc7+ would win.} Rh3 45. Rxa5 {Strongly threatening Ra7+.} f4 46. Ra7+ Kf6 47. Ra6+ (47. Raxg7 $2 Rh2+ 48. Ke1 f3 $19) 47... Kf5 48. Ra5+ Ke6 49. Ra6+ Kf5 50. Ra5+ Ke6 51. Ra6+ Kf7 {aiming for ...Bd3+.} 52. Ra7+ Kf6 53. Ra6+ ({Avoid the trap} 53. Raxg7 $2 Rh2+ 54. Ke1 f3 $19) 53... Kf5 {Threatens to win with ...Bd3+.} 54. Ra5+ Ke6 {Threatening ...Rh2+.} 55. Ra6+ ({Reject} 55. Rxg7 Rh2+ 56. Kf1 Bd3+ 57. Kg1 Rxb2 $15) 55... Kd5 $2 {[%mdl 8192] [#]} (55... Kf5 $11 56. Ra5+) 56. Rd1+ $2 ({White must play} 56. Rg5+ $1 $18 Kc4 57. Rd6 (57. Rxg7 Rh2+ 58. Kd1 Rxb2 $11) 57... Rh2+ 58. Kf1 Rh1+ 59. Rg1 Rxg1+ 60. Kxg1) 56... Ke5 $11 57. Ra5+ Ke6 (57... Kf6 $1 $11 58. Rd6+ Ke7) 58. Rd4 (58. Re1 $1 $14 Kf6 59. Kd2 Rd3+ 60. Kc1) 58... Rh2+ 59. Ke1 Rh1+ 60. Kf2 Rh2+ 61. Ke1 Bb1 $2 {[%mdl 8192]} (61... Rh1+ $11 {and Black has nothing to worry.} 62. Ke2 Rh2+ 63. Kf1 Rh1+ 64. Kf2 Rh2+ 65. Kg1 Rh1+ 66. Kf2) 62. Rxf4 $18 Rxb2 63. Rb4 Bd3 64. Rb6+ Kf7 65. Ra7+ Kg8 66. Rab7 Re2+ 67. Kd1 Ra2 68. Rb4 Bc2+ 69. Kc1 Ra1+ 70. Kd2 Rd1+ 71. Ke2 Ra1 72. c4 Be4 (72... b2 {was worth a try.}) 73. Rb8+ Kh7 (73... Kf7 $142 74. Rc8 Kg6) 74. Rxb3 Rxa4 75. Rc3 Ra7 76. c5 Bc6 77. Rb6 Rc7 78. Ke3 Kg6 79. Rd3 {Black must now prevent Rd6+.} Kf5 80. Rd6 Bg2 81. Kd4 g5 (81... Bf3 $142 82. Rb3 Bb7) 82. c6 g4 83. Kc5 $2 (83. Rb5+ $18 Kf4 84. Rf6+ Kg3 85. Rc5) 83... Kf4 {The position is equal.} 84. Rb4+ Kg3 85. Rg6 Rxc6+ 86. Rxc6 Bxc6 87. Kxc6 $11 {KR-KP} Kh3 88. Kd5 {Intending Ke4 and mate.} g3 89. Rb3 Kh2 90. Ke4 g2 91. Rb2 Kh1 92. Rxg2 Kxg2 {Accuracy: White = 61%, Black = 63%.} 1/2-1/2

[Event "18th Caspian Cup-A 2020"]
[Site "Rasht"]
[Date "2020.02.15"]
[Round "3.3"]
[White "Pourramezanali, Amirreza"]
[Black "Sedaghati, Mehrdad"]
[Result "1-0"]
[WhiteElo "2497"]
[BlackElo "2191"]
[Annotator "TA"]
[PlyCount "70"]
[EventDate "2020.02.14"]
[EventType "swiss"]
[EventCountry "IRI"]
[SourceTitle "playchess.com"]
[Source "ChessBase"]
[SourceQuality "1"]

{[%evp 18,70,50,56,41,31,40,20,48,32,58,18,33,29,34,23,34,-10,-22,-20,-10,-24,-27,-30,0,-35,-3,-16,77,0,0,0,121,119,382,399,385,396,381,314,464,463,409,421,483,467,563,543,633,538,571,548,741,699,29993]} 1. Nf3 c5 2. c4 Nc6 3. d4 cxd4 4. Nxd4 g6 5. e4 Nf6 6. Nc3 d6 7. Be2 Nxd4 8. Qxd4 Bg7 9. Be3 O-O 10. Qd3 Bd7 {10...a5 is setting a new trend. B36: Sicilian: Maroczy Bind: Gurgenidze System.} 11. O-O a6 12. f3 Bc6 {[#] The position is equal.} 13. b4 $146 {[%cal Bb2b4,Bb4b5][%mdl 32]} ({Predecessor:} 13. Rfd1 Nd7 14. Qd2 Nc5 15. Rac1 Na4 16. Nxa4 Bxa4 17. b3 Bc6 18. Qe1 b6 19. Qf2 Rb8 20. Rc2 Qc7 21. Bd3 Qb7 22. Qh4 Rfd8 23. Rdc1 Rd7 24. Qf2 {½-½ (24) Wedberg,T (2465)-Petursson,M (2515) New York 1991}) 13... Nd7 14. a4 a5 15. b5 Nc5 $1 {[%cal Rc5d3]} 16. Qc2 Bd7 17. f4 Bxc3 18. Qxc3 Nxe4 19. Qd4 Nc5 20. Ra3 Qc8 21. h3 Be6 22. Kh2 b6 {[#]} (22... f6 $11 {remains equal.}) 23. f5 $1 {[%mdl 512]} Bxf5 $11 24. Bh6 {[%csl Gh6][%cal Rd4g7]} Ne6 (24... f6 $11) 25. Qxb6 $16 Qc5 $2 {[%mdl 8192]} (25... Nc5 $16) 26. Qxc5 $18 dxc5 27. Bxf8 Nxf8 28. Rd1 Nd7 (28... f6 {was called for.} 29. g4 Be6) 29. Re3 Nb6 30. Rxe7 Nxa4 {White is clearly winning.} 31. Bf3 Rb8 32. Bd5 Nc3 33. Bxf7+ Kf8 34. Rde1 a4 35. Ra7 Be6 {Accuracy: White = 79%, Black = 39%.} 1-0

[Event "18th Caspian Cup-A 2020"]
[Site "Rasht"]
[Date "2020.02.15"]
[Round "3.4"]
[White "Babujian, Levon"]
[Black "Baradaran Tamadon, Arian"]
[Result "1-0"]
[WhiteElo "2487"]
[BlackElo "2104"]
[Annotator "TA"]
[PlyCount "65"]
[EventDate "2020.02.14"]
[EventType "swiss"]
[EventCountry "IRI"]
[SourceTitle "playchess.com"]
[Source "ChessBase"]
[SourceQuality "1"]

{[%evp 24,65,0,0,0,5,8,0,38,53,80,58,76,53,134,102,121,106,282,150,415,433,507,483,561,576,577,560,554,566,552,424,774,757,981,935,951,926,889,878,1028,1024,1043,1040]} 1. d4 d5 2. c4 e6 3. Nc3 Nf6 4. cxd5 exd5 5. Bg5 Be7 6. e3 c6 7. Bd3 O-O 8. Nge2 Nbd7 {[%cal Bb8d7,Bd7f8,Bf8e6][%mdl 32]} 9. O-O Re8 10. f3 Nf8 11. Qc2 g6 12. Rae1 Ne6 13. Bh4 b6 {D36: Queen's Gambit Declined: Exchange Variation: Main line (5 Bg5 c6 6 Qc2).} 14. Rd1 Bb7 {[#]} 15. h3 $146 ({Predecessor:} 15. Kh1 Qd7 16. h3 Ng4 17. Bxe7 Nxe3 18. Qc1 Nxd1 19. Bf6 Nxc3 20. bxc3 Ng7 21. Ng3 Re6 22. Bxg7 Kxg7 23. Qg5 Kh8 24. Qh6 Qd6 25. f4 f5 {0-1 (25) Karger,F (2203)-Sonntag,H (2365) Germany 2000}) 15... a6 {The position is equal.} 16. f4 Ng7 17. f5 Nd7 18. Bf2 Qb8 (18... Bg5 $14) 19. fxg6 hxg6 20. e4 dxe4 $2 {[#]} (20... Qd8 $16) 21. Nxe4 ({White should try} 21. Bc4 $18 Nf6 22. Bg3 (22. Nxe4 Nd5 $16)) 21... Qd8 $2 (21... f5 $16) 22. Bc4 $18 Nf8 {White is clearly winning.} 23. Nf4 Bc8 24. d5 Bf5 25. dxc6 {[%mdl 64] [#] Discovered Attack} Qc7 26. Nd5 Qe5 27. Qc3 Qxe4 (27... Qxc3 $142 28. Nexc3 b5) 28. Rde1 Qc2 29. Nxe7+ Kh7 30. Qxc2 Bxc2 31. Bxf7 Bd3 32. Bxe8 Nxe8 33. Bxb6 {Accuracy: White = 76%, Black = 31%.} 1-0

[Event "18th Caspian Cup-A 2020"]
[Site "Rasht"]
[Date "2020.02.15"]
[Round "3.5"]
[White "Avetisyan, Mariam"]
[Black "Rasulov, Vugar"]
[Result "0-1"]
[WhiteElo "2139"]
[BlackElo "2476"]
[Annotator "TA"]
[PlyCount "116"]
[EventDate "2020.02.14"]
[EventType "swiss"]
[EventCountry "IRI"]
[SourceTitle "playchess.com"]
[Source "ChessBase"]
[SourceQuality "1"]

{[%evp 12,168,55,50,46,33,42,16,31,0,-12,0,-4,-31,11,18,26,0,47,-16,-10,-23,-5,-29,-30,-26,-26,-20,-17,-25,-13,-40,0,0,-3,-16,-11,-12,-12,-11,-14,-14,-11,-11,-11,-11,-2,-18,-18,-18,-18,-18,-18,-18,-18,-19,-12,-16,-12,-12,-12,-12,0,-33,-33,-33,-33,-33,-33,-33,-33,-33,-33,-33,-8,-8,-8,-62,-62,-62,-62,-62,-62,-62,-33,-62,-33,-33,-33,-40,-33,-62,-16,-62,-62,-62,-62,-62,-62,-62,-62,-62,-62,-62,-62,-62,-62,-62,-62,-62,-62,-62,-62,-62,-62,-62,-33,-33,-37,-62,-41,-62,-62,-62,-62,-62,0,-62,-62,-62,-62,-62,-62,-62,-16,-62,-16,-62,-62,-62,-62,-62,-48,-62,-16,-16,-16,-16,-16,-16,-16,-5073,-4798,-4618,-2069,-29979,-29980,-29980,-29981]} 1. Nf3 b6 2. g3 Bb7 3. Bg2 g6 4. O-O Bg7 5. d4 c5 6. d5 Nf6 7. c4 b5 {A49: 1 d4 Nf6 2 Nf3 g6 3 g3: Anti-King's Indian systems.} 8. Nfd2 O-O {[#]} 9. cxb5 $146 ({Predecessor:} 9. e4 bxc4 10. Nxc4 Ba6 11. Qa4 Bxc4 12. Qxc4 d6 13. e5 Nfd7 14. e6 Ne5 15. exf7+ Rxf7 {1-0 (58) Donchenko,A (2364)-Richter,D (2110) Germany 2013}) 9... a6 {The position is equal.} 10. bxa6 Bxd5 11. Bxd5 Nxd5 12. Nb3 Nb4 13. Nxc5 d6 14. Nb3 d5 15. N1d2 ({White should play} 15. Nc3 $14) 15... N8xa6 {[%cal Bb8a6,Ba6c5,Bc5b3][%mdl 32]} 16. Nf3 Nc6 17. Nbd4 Nxd4 18. Nxd4 Qd7 19. Rb1 Rfb8 20. b3 Nc5 21. a3 Bxd4 22. Qxd4 Nxb3 23. Qc3 (23. Qd3 {seems wilder.} Nc5 24. Rxb8+ Rxb8 25. Qd4 Ne6 26. Qd3) 23... d4 24. Qf3 Qb7 25. Qxb7 Rxb7 26. Rd1 Raa7 27. Rd3 Nxc1 28. Rxc1 $11 {[%mdl 4096] Endgame KRR-KRR} Rb2 29. Re1 Ra4 30. e3 dxe3 31. Rexe3 Ra7 32. Kg2 Ra2 33. Rb3 f6 34. Kf3 Kf7 35. h4 h6 36. Kg2 g5 37. hxg5 hxg5 38. g4 Ra1 39. Rbc3 Ra4 40. f3 Ra7 41. Kg3 Kg6 42. Re6 Ra2 43. Rce3 Kf7 44. Kh3 (44. f4 $1 $11) 44... Rd7 $15 45. Re2 Rxa3 46. R6e3 Ra6 47. Kg3 e5 48. Rh2 Kg7 49. Rb2 Ra1 50. Rc3 Kg6 51. Re3 Rh7 52. Ree2 Rah1 53. Rg2 R7h3+ 54. Kf2 Ra1 55. Re2 $1 Kf7 56. Rg3 Rhh1 57. Rg2 Ke6 58. Kg3 Rh4 {Played: Ra1-a3} 0-1

[Event "18th Caspian Cup-A 2020"]
[Site "Rasht"]
[Date "2020.02.15"]
[Round "3.6"]
[White "Quparadze, Giga"]
[Black "Tavoosi Rad, Ramtin"]
[Result "1-0"]
[WhiteElo "2462"]
[BlackElo "2099"]
[Annotator "TA"]
[PlyCount "65"]
[EventDate "2020.02.14"]
[EventType "swiss"]
[EventCountry "IRI"]
[SourceTitle "playchess.com"]
[Source "ChessBase"]
[SourceQuality "1"]

{[%evp 11,65,14,43,43,29,42,40,16,25,13,17,16,10,16,60,50,40,43,50,48,44,53,56,52,45,54,83,40,40,51,103,94,107,111,121,120,113,113,128,128,139,113,113,113,202,196,304,303,289,289,287,274,748,710,29989,29990]} 1. e4 c5 2. Nf3 g6 3. c3 Bg7 4. d4 cxd4 5. cxd4 d5 6. e5 Nc6 7. Bb5 {B27: Sicilian: 2 Nf3, unusual Black 2nd moves.} Nh6 8. O-O O-O 9. Bxc6 {White is slightly better.} bxc6 10. h3 f6 11. Re1 fxe5 12. Nxe5 Qd6 13. Nc3 Nf7 {[%cal Rf7e5]} 14. Bf4 Nxe5 15. Bxe5 Bxe5 16. Rxe5 Rf5 17. Rxf5 Bxf5 18. Qe2 Rb8 19. Rd1 {[#]} Re8 $146 ({Predecessor:} 19... Rb4 20. b3 Kf7 21. Na4 Qf4 22. Qb2 e5 23. dxe5 Re4 24. Nc3 Qxe5 25. Qd2 Rb4 {1-0 (45) Merry,A (2439)-Jones,S (2225) Basingstoke 2018}) 20. Re1 Qb4 ({Black should play} 20... Qf4 $14) 21. Qd2 $1 $16 Qb8 22. Re5 Qd6 23. Na4 Rf8 24. Nc5 Qf6 25. Qe3 Rf7 26. a3 Bc8 27. b4 Kf8 {[#]} (27... Qd6 $16 28. a4 Bf5) 28. Ne6+ $1 $18 Kg8 {[#]} (28... Bxe6 {is a better defense.} 29. Rxe6 Qf4) 29. Ng5 $1 Rg7 {[#]} 30. b5 $1 {[%mdl 512]} cxb5 31. Rxd5 {Hoping for Rd8+.} Qb6 $2 (31... Kh8 32. Rxb5 a6) 32. Qc3 Bf5 {[#]} 33. Rxf5 $1 {[%mdl 512] Accuracy: White = 92%, Black = 58%.} 1-0